000 00462nam a2200181Ia 4500
005 20240913125930.0
008 240913s9999||||xx |||||||||||||| ||und||
041 _aENGLISH
082 _A616.0757 Q7
100 _aCurry,Thomas S
245 0 _aChristensen's Physics of Diagnostic Radiology
250 _a1st
260 _c2017
_bWolters K
500 _aREFERENCE
650 _aPerfusion Technology
_bAllied Health Science
942 _cREF
999 _c246586
_d246586